Financial assistace to small scale industries: paprer presented to the ILO?STATEP... (Record no. 43346)

MARC details
000 -LEADER
fixed length control field 00585nam a2200145 a 4500
008 - FIXED-LENGTH DATA ELEMENTS--GENERAL INFORMATION
fixed length control field 140929s1981 ||||||||||||||||| || u
050 ## - LIBRARY OF CONGRESS CALL NUMBER
Classification number ILO (02) 1988/7
100 ## - MAIN ENTRY--PERSONAL NAME
Personal name Kani, Felix C
245 10 - TITLE STATEMENT
Title Financial assistace to small scale industries: paprer presented to the ILO?STATEP...
Statement of responsibility, etc. by Felix C. Kani
260 ## - PUBLICATION, DISTRIBUTION, ETC.
Place of publication, distribution, etc. Lusaka
Name of publisher, distributor, etc. ILO
Date of publication, distribution, etc. 1981
300 ## - PHYSICAL DESCRIPTION
Extent p. 7
650 ## - SUBJECT ADDED ENTRY--TOPICAL TERM
Topical term or geographic name entry element SMALL SCALE INDUSTRIES--ZAMBIA
650 ## - SUBJECT ADDED ENTRY--TOPICAL TERM
Topical term or geographic name entry element FINANCIAL ASSISTANCE--ZAMBIA
995 ## - RECOMMENDATION 995 [LOCAL, UNIMARC FRANCE]
-- CBU-MAIN LIBRARY (Kitwe)
-- 1
-- AVAILABLE
-- Sep 29, 2014
-- International Publications
Holdings
Withdrawn status Lost status Source of classification or shelving scheme Damaged status Not for loan Home library Current library Shelving location Date acquired Total Checkouts Full call number Barcode Date last seen Price effective from Koha item type
          CBU-MAIN LIBRARY, KITWE. CBU-MAIN LIBRARY, KITWE.   11/30/2022   ILO (02) 1988/7 B1671 11/30/2022 11/30/2022 MONOGRAPH